00793nam a2200253Ia 4500003000400000005001700004008004100021020002200062040000700084041000800091082001600099100003500115245005500150250000600205260002900211300001700240365001300257650002400270650002300294906005400317942001200371999001900383952013700402OSt20230517135637.0210423s2013 xx 000 0 und d a978-81-317-0600-8 cAL aeng a620.11 VANE aVAN VLACK (Lawrence H)9106674 aElements of materials science and engineering Ed 6 a6 aNew DelhibPearsonc2013 axxi,598pbPB b669cINR aEngineering9106675 aTechnology9106676 aEd ; Elements ; engineering ; materials ; science 2ddccBK c167586d167586 001040708PHYaSACPGbSACPGd2016-04-05eBiblios Book Pointg669.00l0o620.11 VANEpPG014087r2022-08-24 00:00:00w2021-04-26yBK